| 000 | 00478nam a2200193Ia 4500 | ||
|---|---|---|---|
| 005 | 20250603145816.0 | ||
| 008 | 250603s9999 xx 000 0 und d | ||
| 020 | _a9789785053401 | ||
| 050 | _aHJ 2291.N6 .S69/ | ||
| 100 | _aSoyode, Olalekan | ||
| 245 | 0 | _aTaxation : principles and practic in Nigeria | |
| 250 | _aRev. ed. | ||
| 260 | _aIbadan | ||
| 260 | _bLekSilicon Publishing Company Ltd. | ||
| 260 | _c2015 | ||
| 300 | _a858 p | ||
| 650 | _aIbadan | ||
| 942 | _cBK | ||
| 999 |
_c42917 _d42917 |
||